Statistics for The Killers' Album Songs

Click here to take the quiz!

General Stats

  • This quiz has been taken 555 times
    (506 since last reset)
  • The average score is 31 of 65

Answer Stats

Answers % Correct
Mr. Brightside
98%
Mr Brightside (Remix)
98%
Human
88%
Somebody Told Me
85%
When You Were Young
83%
Sam's Town
82%
Sam's Town (Remix)
82%
Jenny Was a Friend of Mine
80%
Spaceman
80%
Smile Like You Mean It
73%
All These Things That I've Done
70%
Runaways
69%
Bones
68%
Battle Born
67%
Read My Mind
67%
Miss Atomic Bomb
66%
A Dustland Fairytale
64%
Andy, You're a Star
57%
For Reasons Unknown
54%
Believe Me Natalie
52%
Midnight Show
52%
Uncle Jonny
52%
Romeo And Juliet
51%
On Top
51%
Neon Tiger
50%
Enterlude
50%
Exitlude
49%
This River is Wild
49%
Shot At The Night
49%
Glamorous Indie Rock And Roll
48%
Bling (Confessions of a King)
48%
Just Another Girl
45%
Joyride
45%
The Way It Was
44%
Flesh And Bone
43%
Losing Touch
41%
Here With Me
41%
Tranquilize
40%
Leave The Bourbon On The Shelf
40%
Shadowplay
39%
Everything Will Be Alright
38%
My List
37%
Change Your Mind
37%
This Is Your Life
35%
The World We Live In
34%
Be Still
34%
Goodnight, Travel Well
34%
I Can't Stay
34%
Why Do I Keep Counting?
34%
Deadlines And Commitments
33%
Heart Of A Girl
32%
From Here On Out
31%
Under The Gun
31%
Where The White Boys Dance
31%
The Rising Tide
28%
Ruby, Don't Take Your Love To Town
28%
Sweet Talk
26%
All The Pretty Faces
25%
A Matter Of Time
23%
The Ballad Of Michael Valentine
22%
Daddy's Eyes
20%
Move Away
18%
Show You How
16%
Who Let You Go?
13%

Score Distribution

Percentile by Number Answered

Percent of People with Each Score

Your Score History

You have not taken this quiz since the last reset